[Event "AUT-ch U10 Girls"]
[Site "St Veit"]
[Date "2023.05.28"]
[Round "4"]
[White "Serfezi, Lea"]
[Black "Weiss, Hildegard Eva"]
[Result "1-0"]
[WhiteElo "800"]
[BlackElo "800"]
[PlyCount "123"]
[EventDate "2023.05.27"]
[EventType "swiss"]
[EventRounds "7"]
[EventCountry "AUT"]
[SourceTitle "CBM 214 Extra"]
[Source "ChessBase"]
[SourceDate "2023.07.31"]
[SourceVersion "1"]
[SourceVersionDate "2023.07.31"]
[SourceQuality "1"]

1. e4 c6 2. Nf3 d5 3. Nc3 g6 4. d3 Bg4 5. h3 Bxf3 6. Qxf3 Bg7 7. exd5 cxd5 8. Nxd5 Nf6 9. Nf4 0-0 10. Be2 Nc6 11. 0-0 e5 12. Nxg6 fxg6 13. Bg5 h6 14. Bh4 Nd4 15. Qe3 Nxc2 16. Qd2 Nxa1 17. Rxa1 g5 18. Bg3 e4 19. Rd1 exd3 20. Bxd3 Rc8 21. Qe2 Re8 22. Qf3 h5 23. Qf5 Qd7 24. Qg6 Qf7 25. Qf5 Red8 26. Be5 Rd5 27. Qxc8+ Qf8 28. Qe6+ Qf7 29. Qc8+ Bf8 30. Qf5 Qh7 31. Qxf6 Rxd3 32. Rxd3 Qxd3 33. Qh8+ Kf7 34. Qf6+ Ke8 35. Qe6+ Be7 36. Qg8+ Kd7 37. Qf7 Qd1+ 38. Kh2 Qe2 39. Qd5+ Ke8 40. Qg8+ Bf8 41. Qg6+ Kd7 42. Qf7+ Be7 43. Qd5+ Ke8 44. Qe6 Qa6 45. Qc8+ Kf7 46. Qf5+ Qf6 47. Bxf6 Bxf6 48. Qd7+ Be7 49. Qxb7 h4 50. Qxa7 Kf6 51. g4 hxg3+ 52. fxg3 Bd6 53. a4 Ke5 54. a5 Kd5 55. a6 Bc5 56. Qd7+ Bd6 57. a7 Kc5 58. a8R Kd5 59. Ra6 Ke5 60. Qxd6+ Kf5 61. Rc6 g4 62. Qd5# 1-0